| 000 | 00679nam a2200217Ia 4500 | ||
|---|---|---|---|
| 003 | BUBTL | ||
| 008 | 151213s9999 xx 000 0 und d | ||
| 020 | _a0-03-098107-7 | ||
| 082 |
_a658.848 _bHAM |
||
| 100 | _aSalah S. Hasan & Roger D. Blackwell | ||
| 245 |
_aGlobal Marketing Perspectives and Cases _cSalah S. Hasan & Roger D. Blackwell |
||
| 260 |
_aNew York _bThe Dryden Press _c1994 |
||
| 300 |
_a[xxiii], 582p. : _bill, Graph ; 24cm. _cMarketing. |
||
| 500 | _aIncludes Index. | ||
| 650 | _aMarketing | ||
| 650 | _aMarketing | ||
| 700 | _aSalah S. Hasan & Roger D. Blackwell | ||
| 856 |
_k0 _l0 _yDownload |
||
| 942 |
_2ddc _cBK |
||
| 999 |
_c2010 _d2010 |
||